[Event "Choc des Generations"]
[Site "Montreal CAN"]
[Date "2014.06.29"]
[Round "4"]
[White "Libersan, Thierry"]
[Black "Kraiouchkine, Nikita"]
[Result "1/2-1/2"]
[WhiteElo "2194"]
[BlackElo "2312"]
[PlyCount "65"]
[EventDate "2014.06.27"]
[EventType "schev"]
[EventRounds "5"]
[EventCountry "CAN"]

1. e4 d5 2. exd5 Nf6 3. d4 Bg4 4. Bb5+ Nbd7 5. f3 Bf5 6. c4 a6 7. Bxd7+ Qxd7 8.
Ne2 O-O-O 9. Nbc3 e6 10. dxe6 Qxe6 11. d5 Qb6 12. Qb3 Qxb3 13. axb3 Bb4 14. Bg5
Rhe8 15. O-O-O Re5 16. Bf4 Re7 17. Nd4 Bg6 18. Bg5 Rde8 19. Nc2 Bxc3 20. bxc3
Re2 21. Rd2 Rxd2 22. Bxd2 Re2 23. Rg1 Nd7 24. Re1 Rxe1+ 25. Bxe1 a5 26. Bf2 a4
27. Bd4 axb3 28. Ne3 f6 29. Kb2 c5 30. dxc6 bxc6 31. c5 Nf8 32. Kxb3 Ne6 33.
Nc4 1/2-1/2

[Event "Choc des Generations"]
[Site "Montreal CAN"]
[Date "2014.06.29"]
[Round "5"]
[White "Kraiouchkine, Nikita"]
[Black "Luksza, Arkadiusz"]
[Result "1-0"]
[WhiteElo "2312"]
[BlackElo "2173"]
[PlyCount "135"]
[EventDate "2014.06.27"]
[EventType "schev"]
[EventRounds "5"]
[EventCountry "CAN"]

1. e4 e6 2. d4 d5 3. Nd2 Be7 4. Ngf3 c5 5. exd5 exd5 6. dxc5 Nf6 7. Nb3 O-O 8.
Be2 Bxc5 9. Nxc5 Qa5+ 10. c3 Qxc5 11. O-O Nc6 12. Be3 Qe7 13. Re1 h6 14. h3 Be6
15. Qa4 Rfd8 16. Qh4 Ne4 17. Qxe7 Nxe7 18. Nd4 Bd7 19. f3 Ng3 20. Bd3 Ngf5 21.
Nxf5 Nxf5 22. Bf2 Be6 23. Re5 Ne7 24. Re2 Nc6 25. Rd2 Ne5 26. Bf1 Nc4 27. Re2
b6 28. Bd4 Re8 29. Rae1 Bd7 30. Rxe8+ Rxe8 31. Rxe8+ Bxe8 32. b3 Na5 33. Kf2 f6
34. Ba6 Kf8 35. f4 Ke7 36. g4 Bd7 37. Kf3 Kd6 38. Bd3 Ke7 39. h4 Nc6 40. Be3
Kf7 41. Kg3 Ke7 42. Bc1 Nd8 43. Ba3+ Kf7 44. f5 Nb7 45. Kf4 Nc5 46. Bc2 Bc6 47.
Bb4 Nd7 48. Bd6 Nc5 49. Bb8 a6 50. Bc7 Nd7 51. Bd1 b5 52. Bd6 Nb6 53. Ke3 Nc8
54. Bc5 h5 55. g5 fxg5 56. hxg5 g6 57. Kf4 h4 58. fxg6+ Kxg6 59. Bc2+ Kg7 60.
Kg4 Bd7+ 61. Kxh4 Be6 62. Kg3 Kf7 63. Kf4 Ne7 64. Bxe7 Kxe7 65. Ke5 a5 66. Bd1
b4 67. cxb4 axb4 68. Bf3 1-0

[Event "Outaouais op (TORO)"]
[Site "Gatineau CAN"]
[Date "2014.06.06"]
[Round "1"]
[White "Lebrun, Roger"]
[Black "Kraiouchkine, Nikita"]
[Result "0-1"]
[WhiteElo "1912"]
[BlackElo "2319"]
[PlyCount "54"]
[EventDate "2014.06.06"]
[EventType "swiss"]
[EventRounds "5"]
[EventCountry "CAN"]

1. d4 Nf6 2. Nf3 e6 3. e3 c5 4. Bd3 cxd4 5. exd4 b6 6. Qe2 Bb7 7. O-O Be7 8.
Re1 d5 9. Nbd2 Nbd7 10. Ne5 Nxe5 11. dxe5 Nd7 12. Nf3 O-O 13. Nd4 g6 14. f4 Nc5
15. f5 Nxd3 16. Qxd3 exf5 17. Bh6 Re8 18. Nxf5 Bc5+ 19. Kh1 d4 20. c4 Qd7 21.
Nd6 Bxd6 22. exd6 Qxd6 23. Red1 Rad8 24. Rd2 Re4 25. h3 Rde8 26. Rf1 f5 27.
Rdf2 Re3 0-1

[Event "Outaouais op (TORO)"]
[Site "Gatineau CAN"]
[Date "2014.06.07"]
[Round "2"]
[White "Kraiouchkine, Nikita"]
[Black "Gelblum, Robert"]
[Result "1-0"]
[WhiteElo "2319"]
[BlackElo "2233"]
[PlyCount "51"]
[EventDate "2014.06.06"]
[EventType "swiss"]
[EventRounds "5"]
[EventCountry "CAN"]

1. e4 c5 2. Nf3 Nc6 3. d4 cxd4 4. Nxd4 Qb6 5. Nb3 Nf6 6. Nc3 e6 7. Be3 Qc7 8.
a3 d6 9. Be2 a6 10. g4 h6 11. f4 b5 12. Qd2 Bb7 13. O-O-O Nd7 14. h4 Be7 15. g5
Nb6 16. g6 fxg6 17. Nd4 Nxd4 18. Bxd4 Nc4 19. Bxc4 Qxc4 20. Qg2 a5 21. Qxg6+
Kd7 22. b3 Qc6 23. f5 exf5 24. Qxf5+ Kd8 25. Nd5 Qd7 26. Bb6+ 1-0

[Event "Outaouais op (TORO)"]
[Site "Gatineau CAN"]
[Date "2014.06.07"]
[Round "3"]
[White "Sambuev, Bator"]
[Black "Kraiouchkine, Nikita"]
[Result "1-0"]
[WhiteElo "2589"]
[BlackElo "2319"]
[PlyCount "119"]
[EventDate "2014.06.06"]
[EventType "swiss"]
[EventRounds "5"]
[EventCountry "CAN"]

1. d4 Nf6 2. c4 e6 3. Nc3 d5 4. Bg5 Bb4 5. cxd5 exd5 6. e3 c5 7. Bb5+ Bd7 8.
Bxd7+ Nbxd7 9. Nge2 h6 10. Bh4 Qb6 11. O-O cxd4 12. Na4 Qa6 13. Nxd4 O-O 14. a3
Bd6 15. Nc3 Be5 16. Bg3 Bxg3 17. hxg3 Ne5 18. Qe2 Qxe2 19. Ncxe2 Rfd8 20. Rfd1
Rac8 21. Rab1 Kf8 22. f3 Nc4 23. Kf2 Re8 24. Rd3 Re5 25. b3 Nd6 26. g4 Re7 27.
Rc1 Rxc1 28. Nxc1 Rc7 29. Nce2 a6 30. a4 b5 31. axb5 axb5 32. Rd2 Nxg4+ 33.
fxg4 Ne4+ 34. Ke1 Nxd2 35. Kxd2 Re7 36. Nc3 b4 37. Nxd5 Re4 38. Nf4 g6 39. Kd3
Re5 40. e4 h5 41. gxh5 gxh5 42. Nc6 Rg5 43. Nxb4 h4 44. Ke2 Rg3 45. Nbd3 f6 46.
Kd2 Ke8 47. Kc3 Kd7 48. Kd4 Kd6 49. b4 Rg5 50. Ne1 Rg4 51. Ke3 f5 52. exf5 Ke5
53. Ned3+ Kxf5 54. b5 Rg8 55. Kd4 Kf6 56. b6 Ke7 57. Kd5 Kd8 58. Kc6 Rh8 59.
Nc5 Rh6+ 60. Nfe6+ 1-0

[Event "Outaouais op (TORO)"]
[Site "Gatineau CAN"]
[Date "2014.06.08"]
[Round "4"]
[White "Kraiouchkine, Nikita"]
[Black "Zhou, Qiyu"]
[Result "0-1"]
[WhiteElo "2319"]
[BlackElo "2262"]
[PlyCount "80"]
[EventDate "2014.06.06"]
[EventType "swiss"]
[EventRounds "5"]
[EventCountry "CAN"]

1. d4 Nf6 2. c4 e6 3. Nf3 b6 4. g3 Ba6 5. Qc2 Bb4+ 6. Bd2 Be7 7. e4 d5 8. e5
Ne4 9. Bd3 Bb7 10. O-O h6 11. Be3 Ng5 12. Nxg5 hxg5 13. Nc3 c5 14. cxd5 exd5
15. Rad1 c4 16. Be2 Qd7 17. f4 gxf4 18. Bxf4 Na6 19. Bf3 Nc7 20. b3 cxb3 21.
Qxb3 O-O 22. Be2 Rad8 23. a4 Ne6 24. Be3 Bg5 25. Bxg5 Nxg5 26. Bd3 Qg4 27. Kg2
Qh3+ 28. Kh1 Ne4 29. Bxe4 dxe4 30. Rf4 g5 31. Rf6 e3+ 32. d5 Rfe8 33. Qc2 Rxe5
34. Qg2 Qxg2+ 35. Kxg2 Rc8 36. Ne2 Rc2 37. Kf1 Bxd5 38. g4 Bc4 39. Re1 Re4 40.
Rf3 Rf4 0-1

[Event "McGill op"]
[Site "Montreal CAN"]
[Date "2014.05.02"]
[Round "1"]
[White "Zhu, Hong Rui"]
[Black "Kraiouchkine, Nikita"]
[Result "0-1"]
[WhiteElo "2056"]
[BlackElo "2257"]
[PlyCount "146"]
[EventDate "2014.05.02"]
[EventType "swiss"]
[EventRounds "5"]
[EventCountry "CAN"]

1. e4 Nc6 2. Nf3 d5 3. exd5 Qxd5 4. Nc3 Qh5 5. d4 Bg4 6. Be2 O-O-O 7. Be3 e5 8.
O-O Nf6 9. h3 exd4 10. Nxd4 Bxe2 11. Ncxe2 Ne5 12. Ng3 Qxd1 13. Raxd1 Nd5 14.
Bc1 g6 15. c3 Bg7 16. Nc2 Nb6 17. Rfe1 Nd3 18. Re7 Nxc1 19. Rxc1 Rhf8 20. Rce1
Na4 21. Na3 Bf6 22. R7e2 Nxb2 23. Rxb2 Bxc3 24. Reb1 Bxb2 25. Rxb2 Rd1+ 26. Kh2
Re8 27. Nc4 Ree1 28. Ne3 Ra1 29. Rd2 Rec1 30. Ne2 Rc5 31. Kg3 Ra5 32. Nc3 c6
33. Nc4 Rc5 34. Nd6+ Kb8 35. Nce4 Ra5 36. Ne8 a6 37. Rd8+ Ka7 38. N4d6 Ra3+ 39.
Kh2 b5 40. Nc8+ Kb7 41. Ned6+ Kc7 42. Rf8 c5 43. Rxf7+ Kc6 44. Ne4 Kd5 45. Ng5
c4 46. Ne7+ Kd4 47. Rf4+ Kc3 48. Nd5+ Kb2 49. Ne4 R1xa2 50. Nb4 Ra1 51. Nc5 a5
52. Nd5 c3 53. Nd3+ Kc2 54. Rf3 b4 55. Nc5 Kb2 56. Re3 c2 57. Re2 Rc3 58. Ne4
Rc8 59. Nb6 Ka3 60. Re3+ b3 61. Nd2 a4 62. Nxc8 c1=Q 63. Nb6 Qc7+ 64. g3 Rc1
65. Nd5 Qc6 66. Rd3 Qc2 67. Rd4 Qc5 68. Nf3 Rd1 69. Nc7 Rxd4 70. Nxd4 Ka2 71.
Ncb5 b2 72. Ne2 Qxf2+ 73. Kh1 Qe1+ 0-1

[Event "McGill op"]
[Site "Montreal CAN"]
[Date "2014.05.03"]
[Round "2"]
[White "Kraiouchkine, Nikita"]
[Black "Nikulich, Oleksandr"]
[Result "1-0"]
[WhiteElo "2257"]
[BlackElo "2070"]
[PlyCount "43"]
[EventDate "2014.05.02"]
[EventType "swiss"]
[EventRounds "5"]
[EventCountry "CAN"]

1. d4 f5 2. e4 fxe4 3. Nc3 Nf6 4. Bg5 c6 5. Bxf6 exf6 6. d5 Bb4 7. Qd4 Bxc3+ 8.
bxc3 cxd5 9. Qxd5 Qe7 10. Bc4 Nc6 11. Ne2 d6 12. O-O Nd8 13. Ng3 Qe5 14. Nxe4
Qxd5 15. Bxd5 Ke7 16. Rad1 Rb8 17. Rfe1 b6 18. Bb3 Be6 19. Nxd6 g6 20. Nb5 Rb7
21. Bxe6 Nxe6 22. Rd6 1-0

[Event "McGill op"]
[Site "Montreal CAN"]
[Date "2014.05.03"]
[Round "3"]
[White "Turcotte, Jonathan"]
[Black "Kraiouchkine, Nikita"]
[Result "0-1"]
[WhiteElo "2003"]
[BlackElo "2257"]
[PlyCount "98"]
[EventDate "2014.05.02"]
[EventType "swiss"]
[EventRounds "5"]
[EventCountry "CAN"]

1. d4 d6 2. Nf3 g6 3. c4 Bg7 4. Nc3 e5 5. e4 Nc6 6. d5 Nce7 7. Be2 h6 8. O-O f5
9. exf5 Nxf5 10. Bd3 Nge7 11. Ne4 O-O 12. Bd2 g5 13. Ng3 Nxg3 14. hxg3 Bg4 15.
Be4 Nf5 16. Qc2 Nd4 17. Nxd4 exd4 18. f3 Bd7 19. Be1 c5 20. dxc6 bxc6 21. c5
dxc5 22. Qxc5 Qb6 23. Qxb6 axb6 24. Bf2 Ra7 25. b4 Rc8 26. Rfd1 c5 27. bxc5
bxc5 28. Bd5+ Kf8 29. Rab1 Bc6 30. Bc4 Rb7 31. Rxb7 Bxb7 32. Rb1 Bc6 33. g4 Be5
34. Kf1 Ke7 35. Ke2 Rb8 36. Rxb8 Bxb8 37. Kd3 Bf4 38. Be1 Bc7 39. Bd2 Kd6 40.
Be1 Be8 41. Bg3+ Kc6 42. Bb5+ Kxb5 43. Bxc7 Bg6+ 44. Kd2 c4 45. Be5 c3+ 46. Kd1
Kc4 47. Bg7 d3 48. Bxh6 d2 49. Ke2 Bc2 0-1

[Event "McGill op"]
[Site "Montreal CAN"]
[Date "2014.05.04"]
[Round "4"]
[White "Kraiouchkine, Nikita"]
[Black "Beaulieu, Eric"]
[Result "1-0"]
[WhiteElo "2257"]
[BlackElo "2201"]
[PlyCount "132"]
[EventDate "2014.05.02"]
[EventType "swiss"]
[EventRounds "5"]
[EventCountry "CAN"]

1. d4 Nf6 2. g3 c5 3. d5 e6 4. Nc3 d6 5. Bg2 Be7 6. e4 exd5 7. Nxd5 Nxd5 8.
Qxd5 Nc6 9. Ne2 Be6 10. Qd1 Bc4 11. c3 Qa5 12. O-O O-O 13. Re1 Ne5 14. Nf4 Rfe8
15. b3 Ba6 16. Nd5 Nd3 17. Re3 Nxc1 18. Rxc1 Bf8 19. Qd2 Qd8 20. Bf1 Bxf1 21.
Rxf1 g6 22. f4 Bg7 23. Qf2 Qd7 24. f5 gxf5 25. exf5 Re5 26. Rxe5 Bxe5 27. Qe3
Kh8 28. Qh6 f6 29. Nxf6 Qf7 30. Ne4 d5 31. Ng5 Qg7 32. Qh5 Bf6 33. Ne6 Qe7 34.
Qf3 d4 35. c4 Rg8 36. Kg2 b6 37. Qc6 Rb8 38. Re1 Qb7 39. Qxb7 Rxb7 40. Nf4 b5
41. Nh5 Be7 42. f6 Bf8 43. Kf3 bxc4 44. bxc4 Kg8 45. Ke4 Kf7 46. Kd3 Rb2 47.
Re2 Rb1 48. Ke4 Rb4 49. Kd5 Rb8 50. g4 Rd8+ 51. Ke4 d3 52. Rd2 Rd4+ 53. Kf5 Bd6
54. Ng7 Rf4+ 55. Kg5 Rxf6 56. Nf5 Rg6+ 57. Kh5 Bf4 58. Rxd3 Bxh2 59. Rd7+ Kf6
60. Rxa7 Rg5+ 61. Kh4 Bf4 62. Rxh7 Rg8 63. Ng3 Ke5 64. Rh5+ Ke6 65. Ne4 Ra8 66.
a4 Kf7 1-0

[Event "McGill op"]
[Site "Montreal CAN"]
[Date "2014.05.04"]
[Round "5"]
[White "Sturt, Raven"]
[Black "Kraiouchkine, Nikita"]
[Result "0-1"]
[WhiteElo "2301"]
[BlackElo "2257"]
[PlyCount "64"]
[EventDate "2014.05.02"]
[EventType "swiss"]
[EventRounds "5"]
[EventCountry "CAN"]

1. d4 Nf6 2. c4 g6 3. Nc3 Bg7 4. e4 O-O 5. Nf3 c6 6. e5 Ne8 7. h4 d6 8. h5 dxe5
9. Nxe5 c5 10. Be3 cxd4 11. Bxd4 Nc6 12. Nxc6 bxc6 13. Bxg7 Qxd1+ 14. Rxd1 Nxg7
15. Be2 Be6 16. hxg6 hxg6 17. b3 Rfd8 18. g4 Rxd1+ 19. Kxd1 Rd8+ 20. Kc2 Bc8
21. Rd1 Rxd1 22. Bxd1 e5 23. Ne4 f5 24. Ng5 fxg4 25. Kc3 Bf5 26. Kb4 Nh5 27.
Kc3 Nf4 28. Bc2 Nh3 29. Ne4 c5 30. Nxc5 Nxf2 31. Nd3 Nxd3 32. Bxd3 g3 0-1

[Event "Quebec-ch U20"]
[Site "Montreal CAN"]
[Date "2014.02.07"]
[Round "1"]
[White "Kraiouchkine, Nikita"]
[Black "Saha, Ananda"]
[Result "1-0"]
[WhiteElo "2264"]
[BlackElo "1702"]
[PlyCount "153"]
[EventDate "2014.02.07"]
[EventType "swiss"]
[EventRounds "5"]
[EventCountry "CAN"]

1. e4 c5 2. g3 Nc6 3. Bg2 g6 4. h4 Nf6 5. Nc3 d6 6. d3 Bg7 7. Nge2 Ne5 8. Nf4
Bd7 9. h5 Nfg4 10. f3 Nh6 11. Be3 e6 12. Qd2 Ng8 13. Nfe2 h6 14. hxg6 fxg6 15.
O-O-O Qa5 16. Rdf1 O-O-O 17. f4 Ng4 18. Bg1 b5 19. Kb1 e5 20. f5 Ne7 21. Bh3
gxf5 22. exf5 Nf6 23. Be3 Bc6 24. Rh2 Kb8 25. g4 b4 26. Nd1 d5 27. g5 d4 28.
gxf6 dxe3 29. Nxe3 Bxf6 30. Nc4 Qb5 31. Qe1 a5 32. Ng3 a4 33. Nh5 Bg5 34. Qxe5+
Ka8 35. f6 Ng6 36. Qc7 Rb8 37. f7 Bd5 38. Rf5 Rb7 39. Qd6 Bxc4 40. f8=Q+ Rxf8
41. Rxf8+ Nxf8 42. Qxf8+ Rb8 43. Qf3+ Ka7 44. dxc4 Qxc4 45. Rf2 Qd4 46. Rf1 a3
47. Qb3 Rb6 48. Qa4+ Kb8 49. Qb3 c4 50. Qg3+ Kb7 51. Rf7+ Ka6 52. Bc8+ Ka5 53.
Rf5+ Rb5 54. Qc7+ Qb6 55. Rxb5+ Kxb5 56. Qxb6+ Kxb6 57. bxa3 bxa3 58. c3 Kc5
59. Bg4 Kd5 60. Be2 Kc5 61. Kc2 Kd5 62. Ng7 Bf6 63. Nf5 Bg5 64. Nd4 Be3 65. Nb5
Bc5 66. Kd2 Be7 67. Nc7+ Kc5 68. Na6+ Kb5 69. Nb4 Bg5+ 70. Kc2 Kc5 71. Bf3 Be3
72. Kd1 Kb5 73. Nc2 Bc5 74. Be2 Be7 75. Ne3 Bf6 76. Kc2 Kc5 77. Nxc4 1-0

[Event "Quebec-ch U20"]
[Site "Montreal CAN"]
[Date "2014.02.08"]
[Round "2"]
[White "Johnson, Nicholas"]
[Black "Kraiouchkine, Nikita"]
[Result "1/2-1/2"]
[WhiteElo "1838"]
[BlackElo "2264"]
[PlyCount "87"]
[EventDate "2014.02.07"]
[EventType "swiss"]
[EventRounds "5"]
[EventCountry "CAN"]

1. c4 b6 2. Nc3 Bb7 3. e4 e6 4. g3 f5 5. d3 Bb4 6. Bd2 Nf6 7. Bg2 O-O 8. f3 Nc6
9. Nge2 fxe4 10. Nxe4 Nxe4 11. dxe4 d5 12. cxd5 exd5 13. Bxb4 Nxb4 14. Qb3 Qd6
15. O-O Ba6 16. a3 Nd3 17. Qxd5+ Qxd5 18. exd5 Nxb2 19. Rfe1 Nd3 20. Red1 Nb2
21. Re1 Nd3 22. Red1 Rae8 23. Nd4 Re3 24. a4 Nc5 25. Nb5 Rf7 26. Nxa7 Be2 27.
Rdb1 Bxf3 28. Bxf3 Rfxf3 29. Nb5 Re7 30. a5 bxa5 31. Rxa5 Rd3 32. d6 cxd6 33.
Nxd6 Rxd6 34. Rxc5 h6 35. Rc2 Kh7 36. Kg2 h5 37. Rbc1 Rd8 38. Rb2 Ree8 39. Rcc2
Re4 40. Rb1 h4 41. gxh4 Rg4+ 42. Kh1 Rd7 43. Rg2 Rxh4 44. Rbg1 1/2-1/2

[Event "Quebec-ch U20"]
[Site "Montreal CAN"]
[Date "2014.02.08"]
[Round "3"]
[White "Kraiouchkine, Nikita"]
[Black "Zhu, Hong Rui"]
[Result "1-0"]
[WhiteElo "2264"]
[BlackElo "2068"]
[PlyCount "57"]
[EventDate "2014.02.07"]
[EventType "swiss"]
[EventRounds "5"]
[EventCountry "CAN"]

1. d4 d5 2. Nf3 Nf6 3. c4 e6 4. Bg5 Be7 5. e3 O-O 6. cxd5 exd5 7. Bd3 c6 8. O-O
Nbd7 9. Nc3 Re8 10. Qc2 Nf8 11. Nd2 Bd6 12. Kh1 Ng6 13. Rae1 Be7 14. f3 Qd6 15.
Nb3 Nh5 16. Bxe7 Qxe7 17. Qf2 Be6 18. Nc5 Rad8 19. e4 dxe4 20. Nxe6 Qxe6 21.
fxe4 Nhf4 22. Bc2 Qd7 23. Rd1 Re7 24. d5 Qc8 25. d6 Re6 26. g3 Rf6 27. gxf4
Rxf4 28. Qg3 Rg4 29. d7 1-0

[Event "Quebec-ch U20"]
[Site "Montreal CAN"]
[Date "2014.02.09"]
[Round "4"]
[White "Gao, Christine"]
[Black "Kraiouchkine, Nikita"]
[Result "0-1"]
[WhiteElo "1558"]
[BlackElo "2264"]
[PlyCount "88"]
[EventDate "2014.02.07"]
[EventType "swiss"]
[EventRounds "5"]
[EventCountry "CAN"]

1. e4 e5 2. Nf3 Nc6 3. d4 exd4 4. Nxd4 Qh4 5. Nc3 Bb4 6. Be3 Qxe4 7. Qd2 Bxc3
8. Qxc3 Nf6 9. f3 Qe5 10. Bc4 Ne7 11. Nb5 Qxc3+ 12. Nxc3 d5 13. Bb3 c6 14.
O-O-O Be6 15. g4 b6 16. h4 O-O-O 17. Ne2 Nd7 18. Nd4 Nc5 19. Rhg1 Rhe8 20. Nxe6
fxe6 21. Bd4 Rg8 22. Rde1 Kd7 23. h5 Nxb3+ 24. axb3 c5 25. Be5 Nc6 26. Bg3 Rgf8
27. f4 Nd4 28. Re3 Nb5 29. Re5 Nd6 30. Re2 b5 31. c3 Ne4 32. Bh2 c4 33. b4 a5
34. Kc2 axb4 35. cxb4 Ra8 36. f5 Ra2 37. Be5 exf5 38. gxf5 Rxf5 39. Rxg7+ Ke6
40. Bd4 Rxh5 41. Rb7 Rh1 42. Rxb5 Raa1 43. Rb6+ Kf5 44. Rg2 Rac1# 0-1

[Event "Quebec-ch U20"]
[Site "Montreal CAN"]
[Date "2014.02.09"]
[Round "5"]
[White "Kraiouchkine, Nikita"]
[Black "Yu, Zong Yang"]
[Result "1/2-1/2"]
[WhiteElo "2264"]
[BlackElo "2220"]
[PlyCount "108"]
[EventDate "2014.02.07"]
[EventType "swiss"]
[EventRounds "5"]
[EventCountry "CAN"]

1. d4 Nf6 2. c4 e6 3. Nf3 d5 4. Bf4 c6 5. e3 Bd6 6. Nc3 Bxf4 7. exf4 O-O 8. Ne5
b6 9. Be2 Bb7 10. O-O Nbd7 11. Rc1 dxc4 12. Bxc4 Rc8 13. Re1 a6 14. Qb3 g6 15.
Re3 b5 16. f5 Nxe5 17. dxe5 bxc4 18. Qxb7 Ng4 19. Re2 Qg5 20. Rce1 gxf5 21. f3
Nh6 22. Qxa6 Qf4 23. Qa7 Kg7 24. Qe3 Qxe3+ 25. Rxe3 Rb8 26. R3e2 Rb4 27. Rc2
Rfb8 28. Nd1 Ng8 29. Ree2 Ne7 30. Ne3 c3 31. bxc3 Ra4 32. g3 Nd5 33. Nxd5 cxd5
34. Kf2 Rc4 35. Ke3 Rbc8 36. Kd3 R8c5 37. f4 Ra4 38. Rb2 Rcc4 39. Rec2 Ra3 40.
Kd2 Rc5 41. Rb3 Ra7 42. a3 Rca5 43. Ra2 f6 44. exf6+ Kxf6 45. Kc2 h5 46. Kb2 h4
47. Ra1 hxg3 48. hxg3 Rh7 49. Rb6 Rh2+ 50. Kb3 Re2 51. Rh1 Rc5 52. Rh6+ Kf7 53.
Rh7+ Kg6 54. Rbb7 Re3 1/2-1/2

[Event "NAYCC U18"]
[Site "Toronto CAN"]
[Date "2013.08.14"]
[Round "1"]
[White "Kraiouchkine, Nikita"]
[Black "Farrant-Diaz, Nathan"]
[Result "1-0"]
[WhiteElo "2311"]
[BlackElo "1906"]
[PlyCount "71"]
[EventDate "2013.08.14"]
[EventType "swiss"]
[EventRounds "9"]
[EventCountry "CAN"]

1. d4 g6 2. e4 Bg7 3. Nc3 d6 4. f3 a6 5. Be3 b5 6. Qd2 Bb7 7. Nge2 Nd7 8. Nf4
c5 9. d5 Ngf6 10. Be2 Nb6 11. a4 b4 12. Nd1 Nfd7 13. a5 Nc8 14. c3 bxc3 15.
Nxc3 Na7 16. O-O O-O 17. Rfb1 Qc7 18. Rc1 Rfb8 19. Na2 Nb5 20. Rab1 Ne5 21. b4
c4 22. Nc3 Qd7 23. Kh1 Nxc3 24. Rxc3 Rc8 25. Bd4 Qb5 26. Qc2 Rc7 27. Bb6 Rcc8
28. Bd4 Rc7 29. g3 Rac8 30. Ng2 Nd7 31. Bxg7 Kxg7 32. Qd2 Ne5 33. Qd4 Kg8 34.
Ne3 g5 35. Nf5 e6 36. Nxd6 1-0

[Event "NAYCC U18"]
[Site "Toronto CAN"]
[Date "2013.08.15"]
[Round "2"]
[White "Preotu, Razvan"]
[Black "Kraiouchkine, Nikita"]
[Result "1-0"]
[WhiteElo "2497"]
[BlackElo "2311"]
[PlyCount "90"]
[EventDate "2013.08.14"]
[EventType "swiss"]
[EventRounds "9"]
[EventCountry "CAN"]

1. e4 c5 2. Nf3 e6 3. d4 cxd4 4. Nxd4 Nc6 5. Nc3 Nf6 6. Ndb5 Bb4 7. a3 Bxc3+ 8.
Nxc3 d5 9. exd5 exd5 10. Qe2+ Be6 11. Bg5 d4 12. Ne4 Qa5+ 13. b4 Nxb4 14. Nxf6+
Kf8 15. Qd2 Nxc2+ 16. Kd1 Qxd2+ 17. Bxd2 Rc8 18. Bd3 Bb3 19. Rb1 Ba4 20. Bf5
gxf6 21. Bxc8 Nxa3+ 22. Ke2 Nxb1 23. Rxb1 b6 24. Rb4 Bc6 25. Rxd4 Rg8 26. Rd8+
Kg7 27. Bh6+ Kh8 28. Rxg8+ Kxg8 29. Bf5 a5 30. g3 a4 31. Be3 b5 32. Bc5 Kg7 33.
h4 Bd5 34. Kd2 Be6 35. Bd3 f5 36. Bxb5 Bb3 37. Ke3 Kf6 38. Kf4 Ke6 39. Bd3 Kd5
40. Bf8 Bd1 41. Bxf5 Kc4 42. Bxh7 Kb3 43. Bg8 a3 44. Bxf7+ Kb2 45. Bxa3+ Kxa3
1-0

[Event "NAYCC U18"]
[Site "Toronto CAN"]
[Date "2013.08.15"]
[Round "3"]
[White "Kraiouchkine, Nikita"]
[Black "Nasir, Pi"]
[Result "1-0"]
[WhiteElo "2311"]
[BlackElo "1947"]
[PlyCount "27"]
[EventDate "2013.08.14"]
[EventType "swiss"]
[EventRounds "9"]
[EventCountry "CAN"]

1. e4 e6 2. d4 d5 3. Nc3 Bb4 4. exd5 exd5 5. Bd3 Nf6 6. Nge2 O-O 7. Bg5 b6 8.
O-O Bb7 9. a3 Be7 10. Ng3 Ne4 11. Bxe7 Qxe7 12. Re1 Nxc3 13. Bxh7+ Kh8 14. Qh5
1-0

[Event "NAYCC U18"]
[Site "Toronto CAN"]
[Date "2013.08.16"]
[Round "4"]
[White "Vibbert, Sean"]
[Black "Kraiouchkine, Nikita"]
[Result "1/2-1/2"]
[WhiteElo "2426"]
[BlackElo "2311"]
[PlyCount "107"]
[EventDate "2013.08.14"]
[EventType "swiss"]
[EventRounds "9"]
[EventCountry "CAN"]

1. e4 c5 2. Nf3 e6 3. d4 cxd4 4. Nxd4 Nc6 5. Nc3 Qc7 6. Nxc6 dxc6 7. Bd3 e5 8.
O-O Bd6 9. Ne2 Ne7 10. c4 Ng6 11. Qc2 O-O 12. c5 Be7 13. Be3 Bf6 14. f3 Nf4 15.
g3 Nxd3 16. Qxd3 Rd8 17. Qc2 Be6 18. a4 Qa5 19. Ra3 Rd7 20. Rc3 Rad8 21. Nc1
Bh3 22. Re1 h5 23. Kf2 g6 24. Nd3 Bg7 25. b4 Qc7 26. Kg1 Be6 27. Nf2 f5 28. Bg5
Rf8 29. Rd3 fxe4 30. Rxd7 Qxd7 31. Qxe4 Bf5 32. Qc4+ Qd5 33. Rc1 Be6 34. Qxd5
Bxd5 35. f4 e4 36. Nd1 Bd4+ 37. Kf1 Be6 38. Ke2 Bg4+ 39. Kd2 Rf7 40. Ne3 Bf3
41. Nc4 Rd7 42. Nd6 b6 43. f5 gxf5 44. Bf4 bxc5 45. bxc5 Bg4 46. Be3 Bf6 47.
Rb1 Be5 48. Bf4 Bd4 49. Rb8+ Kg7 50. Be3 Be5 51. Bf4 Bd4 52. Be3 Be5 53. Bf4
Bd4 54. Be3 1/2-1/2

[Event "NAYCC U18"]
[Site "Toronto CAN"]
[Date "2013.08.16"]
[Round "5"]
[White "Kraiouchkine, Nikita"]
[Black "Ulrich, Thomas"]
[Result "1/2-1/2"]
[WhiteElo "2311"]
[BlackElo "2374"]
[PlyCount "78"]
[EventDate "2013.08.14"]
[EventType "swiss"]
[EventRounds "9"]
[EventCountry "CAN"]

1. d4 Nf6 2. Nc3 d5 3. Bg5 c6 4. Qd2 Bf5 5. f3 Nbd7 6. O-O-O h6 7. Bf4 b5 8. g4
Bh7 9. e3 b4 10. Nce2 e6 11. h4 c5 12. Ng3 Qa5 13. Kb1 c4 14. e4 Nb6 15. g5 Na4
16. N1e2 Nd7 17. Qe3 Ndb6 18. gxh6 gxh6 19. Be5 c3 20. b3 Nb2 21. Re1 N6c4 22.
bxc4 Nxc4 23. Qc1 Nd2+ 24. Ka1 b3 25. Nxc3 Bb4 26. Bb5+ Ke7 27. Na4 Rhc8 28.
axb3 Nxb3+ 29. cxb3 Rxc1+ 30. Rxc1 Qxb5 31. Rc7+ Kf8 32. Rg1 Be7 33. Nc5 Bxc5
34. dxc5 Qxb3 35. Bd6+ Ke8 36. Re7+ Kd8 37. Rxf7 Qa3+ 38. Kb1 Qb3+ 39. Ka1 Qa3+
1/2-1/2

[Event "NAYCC U18"]
[Site "Toronto CAN"]
[Date "2013.08.17"]
[Round "6"]
[White "Chandra, Akshat"]
[Black "Kraiouchkine, Nikita"]
[Result "1-0"]
[WhiteElo "2395"]
[BlackElo "2311"]
[PlyCount "117"]
[EventDate "2013.08.14"]
[EventType "swiss"]
[EventRounds "9"]
[EventCountry "CAN"]

1. e4 d5 2. exd5 Qxd5 3. Nc3 Qd8 4. d4 Nf6 5. Nf3 Bf5 6. Bc4 e6 7. Qe2 c6 8.
Bf4 Nbd7 9. O-O-O Nb6 10. Bb3 Nbd5 11. Nxd5 Nxd5 12. Be5 Bd6 13. Bxd6 Qxd6 14.
Ne5 f6 15. Nc4 Qf4+ 16. Kb1 O-O-O 17. g3 Bg4 18. Qe1 Qc7 19. Rd2 Rhe8 20. Qe4
Bf5 21. Qf3 Bg6 22. h4 e5 23. dxe5 fxe5 24. Qg4+ Kb8 25. h5 Nf6 26. Rxd8+ Rxd8
27. Qe2 Bxh5 28. Rxh5 Nxh5 29. Qxh5 g6 30. Qe2 e4 31. a4 Qe7 32. f4 e3 33. Ka2
Kc7 34. c3 Re8 35. Bc2 Qe6 36. b3 Qh3 37. Ne5 Qxg3 38. Qc4 Rxe5 39. fxe5 Qxe5
40. Bd3 g5 41. Be2 Qd5 42. Qxd5 cxd5 43. Kb2 Kd6 44. Kc2 Ke5 45. Kd3 Kf4 46.
Bh5 g4 47. Ke2 b6 48. Bf7 Ke4 49. Bh5 Kf4 50. b4 a5 51. b5 g3 52. Bf3 h5 53.
Bxd5 h4 54. Bg2 Kg4 55. Kxe3 h3 56. Bc6 h2 57. Bg2 h1=Q 58. Bxh1 Kh3 59. Bd5
1-0

[Event "NAYCC U18"]
[Site "Toronto CAN"]
[Date "2013.08.17"]
[Round "7"]
[White "Kraiouchkine, Nikita"]
[Black "Inigo, Aquino"]
[Result "1-0"]
[WhiteElo "2311"]
[BlackElo "2241"]
[PlyCount "63"]
[EventDate "2013.08.14"]
[EventType "swiss"]
[EventRounds "9"]
[EventCountry "CAN"]

1. d4 d5 2. c4 e6 3. Nc3 Nf6 4. Bg5 Be7 5. e3 O-O 6. Nf3 h6 7. Bh4 b6 8. cxd5
Nxd5 9. Bxe7 Qxe7 10. Nxd5 exd5 11. Be2 Be6 12. O-O c5 13. dxc5 bxc5 14. Rc1
Nd7 15. Qa4 Nb6 16. Qa3 Rac8 17. Rc3 Rc7 18. Rfc1 Nd7 19. Nd4 Rb7 20. Rb3 Rxb3
21. Nxb3 Rb8 22. Nxc5 Nxc5 23. Rxc5 Rxb2 24. Rc8+ Bxc8 25. Qxe7 Rb1+ 26. Bf1
Ba6 27. h4 Rxf1+ 28. Kh2 Rxf2 29. Qd8+ Kh7 30. Qxd5 Bc8 31. Kg1 Rf5 32. Qa8 1-0